Optimalizačné a simulačné modely fungovania chozrasčotnej sféry Správa k priebežnej oponentúre SPEV 902 533 107/04. 902 533 107/04

Guardado en:
Detalles Bibliográficos
Formato: Libro
Lenguaje:eslovaco
Publicado: Bratislava VŠE 1987
Etiquetas: Agregar Etiqueta
Sin Etiquetas, Sea el primero en etiquetar este registro!

MARC

LEADER 00000nam a2200000 4500
001 c025994
005 20221219094851.9
041 0 |a slo 
044 |a SK 
245 1 0 |a Optimalizačné a simulačné modely fungovania chozrasčotnej sféry  |b Správa k priebežnej oponentúre SPEV 902 533 107/04. 902 533 107/04 
264 1 |a Bratislava  |b VŠE  |c 1987 
300 |a 7 s.